| 000 | 00504nam a2200145 a 4500 | ||
|---|---|---|---|
| 001 | 000027401 | ||
| 005 | 20250211094043.0 | ||
| 008 | 110331s20uu dr 000 0 spa d | ||
| 040 |
_aDO-SdBNP _bspa _cBNPHU |
||
| 245 | 0 | 0 | _aLey general de la administracion pública. |
| 246 | 1 | 4 |
_aLey general de la administracion pública: _bTexto en discución |
| 260 |
_a[Santo Doming] : _bCONARE, _c[19--?]. |
||
| 300 |
_a64 p. ; _c23 cm. |
||
| 710 | 1 |
_aRepública Dominicana. Consejo Nacional de Reforma del Estado _964396 |
|
| 999 |
_c26893 _d26893 |
||